| 000 -LEADER |
| fixed length control field |
00461pab a2200157 454500 |
| 008 - FIXED-LENGTH DATA ELEMENTS--GENERAL INFORMATION |
| fixed length control field |
180718b1998 xxu||||| |||| 00| 0 eng d |
| 100 ## - MAIN ENTRY--PERSONAL NAME |
| Personal name |
Khuanga, Rev |
| 245 ## - TITLE STATEMENT |
| Title |
Relevance of customary law and justice in the changing socio-economic context of Mizoram |
| 260 ## - PUBLICATION, DISTRIBUTION, ETC. |
| Date of publication, distribution, etc. |
1998 |
| 300 ## - PHYSICAL DESCRIPTION |
| Extent |
p.31-37. |
| 650 ## - SUBJECT ADDED ENTRY--TOPICAL TERM |
| Topical term or geographic name entry element |
Law-India - Mizoram |
| 650 ## - SUBJECT ADDED ENTRY--TOPICAL TERM |
| Topical term or geographic name entry element |
Customary law - India - Mizoram |
| 650 ## - SUBJECT ADDED ENTRY--TOPICAL TERM |
| Topical term or geographic name entry element |
Customary law |
| 773 ## - HOST ITEM ENTRY |
| Main entry heading |
Administrative Review |
| 909 ## - |
| -- |
55002 |